| 000 | 00943cam a22002651 4500 | ||
|---|---|---|---|
| 001 | e 23000163 | ||
| 003 | DLC | ||
| 005 | 20260227111214.0 | ||
| 007 | cr_||||||||||| | ||
| 008 | 790430s1922 nyu 000 0 eng c | ||
| 010 | _ae 23000163 | ||
| 035 | _a(OCoLC)4911829 | ||
| 040 |
_aU. S. Off. of Educ. Library _cCCC _dOCoLC _dDLC |
||
| 042 | _apremarc | ||
| 050 | 0 | 0 |
_aLA1131 _b.M6 |
| 100 | 1 |
_aMonroe, Paul, _d1869-1947. |
|
| 245 | 0 | 2 |
_aA report on education in China (for American educational authorities) _cby Paul Monroe. |
| 260 |
_aNew York, _c1922. |
||
| 300 |
_a41, [2] p. _bincl. tables. _c23 cm. |
||
| 490 | 0 |
_aThe Institute of International Education. Bulletin. 3d ser. _vno. 4 |
|
| 500 | _aAt head of title: The Institute of International Education. | ||
| 530 | _aAlso available in digital form on the Internet Archive Web site. | ||
| 650 | 0 |
_aEducation _zChina. |
|
| 856 | 4 | 1 | _uhttp://hdl.loc.gov/loc.gdc/scd0001.00198454746 |
| 999 |
_c20619 _d20619 |
||